000 00753cai a22001935a 4500
001 L155067
008 120224u2012 xxk f 000 0 eng d
035 _a(Sirsi) u155067
041 0 _aeng
110 2 _aStatistics Norway
_96019
245 0 0 _aConstruction and housing
_h[electronic resource]
260 _aOslo
_bStatistics Norway
_c2010
520 _aConstruction and housing statistics for Norway includes construction, building statistics, construction cost indices, construction price indices, houses and properties - transfers and prices, and housing statistics.
590 _aKA
651 4 _aNorway
690 _aCost management
_96233
856 4 0 _uhttps://www.ssb.no/bygg_en/
_zView the website free of charge at www.ssb.no
942 _n0
999 _c120954
_d120954